| 000 | 003140000a22001090004500 | ||
|---|---|---|---|
| 090 |
_aAS _bSeriadas |
||
| 245 | 1 | 0 | _aArtrópodos hematófagos del río Raposo, Valle Colombia: IV, Psychodidae |
| 041 | 0 | _aEspañol | |
| 100 | 1 |
_aBarreto, Pablo _998969 |
|
| 942 | _cARTICULO | ||
| 773 | 1 |
_tCaldasia _345 _h49 _q459-472 _d1969 _g10 |
|
| 999 |
_c14364 _d14364 |
||